| 000 | 02300nam a2200313Ia 4500 | ||
|---|---|---|---|
| 999 |
_c34467 _d34467 |
||
| 001 | 216 | ||
| 003 | GE_BSU | ||
| 005 | 20200312143836.0 | ||
| 008 | 181216s2007||||ge |||||||||||||| ||geo|| | ||
| 020 | _a9789994069477 | ||
| 040 | _cGE_BSU | ||
| 041 | _ageo | ||
| 080 | _a271.222(479.22)(038) გ–12 | ||
| 100 |
_aგაბიძაშვილი, ენრიკო _95678 |
||
| 245 |
_aსაქართველოს მართლმადიდებელი ეკლესიის ენციკლოპედიური ლექსიკონი = The Dictionary of Georgian Orthodox Church = Энциклопедический словарь Грузинской Православной Церкви / _cსაქ. საპატრიარქო, ხელნაწერთა ინ-ტი] ; ავტ.-შემდგ.: ენრიკო გაბიძაშვილი (ხელმძღვ.), მაია მამაცაშვილი, ანა ღამბაშიძე ; [რედ.: ენრიკო გაბიძაშვილი, ექვთიმე კოჭლამაზაშვილი ; დაიბეჭდა ...საქ. კათოლიკოს-პატრიარქის ილია II ლოცვა-კურთხევით]. |
||
| 264 |
_aთბილისი, _c2007. |
||
| 300 |
_a1016 გვ. _b 30 სმ. |
||
| 500 | _aდაიბეჭდა ...საქ. კათოლიკოს-პატრიარქის ილია II ლოცვა-კურთხევით | ||
| 653 | _a ლექსიკონი | ||
| 653 | _aმართლმადიდებლობა | ||
| 653 | _aეკლესია | ||
| 653 | _aქრისტიანობა | ||
| 700 |
_aმამაცაშვილი მაია _eავტორი _97710 |
||
| 700 |
_aღამბაშიძე ანა _eავტორი _97711 |
||
| 700 |
_aგაბიძაშვილი ენრიკო _eრედაქტორი _95678 |
||
| 700 |
_aკოჭლამაზაშვილი ექვთიმე _eრედაქტორი _94799 |
||
| 710 |
_aსაქ. საპატრიარქო, ხელნაწერთა ინ-ტი _97712 |
||
| 942 |
_cBK _2udc |
||